000 00809cam a2200205 4500
001 WB3648-24
008 000000n2000 000 0 eng u
035 _a(Sirsi) u109866
245 _aInternet 'hotel' to build own power plant
260 _c2000
490 _aFinancial Times
_v7 December 2000, 2(1)
520 _aInternet service provider Guardian iT Group, which is constructing Europe's largest website hosting centre - or 'internet hotel', is to side-step electricity supply problems in London by building its own gas-fired power plant. This will be designed, constructed and maintained by PowerGen.
590 _aWB
650 _aINTERNET HOTELS
650 _aPOWER PLANTS
650 _aPOWERGEN
650 _aELECTRICITY SUPPLY
690 _aINFORMATION TECHNOLOGY-INTERNET
942 _n0
999 _c65545
_d65545